Applications of Artificial Intelligence Techniques in Engineering SIGMA 2018, Volume 1 /

The book is a collection of high-quality, peer-reviewed innovative research papers from the International Conference on Signals, Machines and Automation (SIGMA 2018) held at Netaji Subhas Institute of Technology (NSIT), Delhi, India. The conference offered researchers from academic and industry the...

Full description

Bibliographic Details
Corporate Author: SpringerLink (Online service)
Other Authors: Malik, Hasmat (Editor, http://id.loc.gov/vocabulary/relators/edt), Srivastava, Smriti (Editor, http://id.loc.gov/vocabulary/relators/edt), Sood, Yog Raj (Editor, http://id.loc.gov/vocabulary/relators/edt), Ahmad, Aamir (Editor, http://id.loc.gov/vocabulary/relators/edt)
Format: Electronic eBook
Language:English
Published: Singapore : Springer Singapore : Imprint: Springer, 2019.
Edition:1st ed. 2019.
Series:Advances in Intelligent Systems and Computing, 698
Subjects:
Online Access:Full Text via HEAL-Link
LEADER 04026nam a2200529 4500
001 978-981-13-1819-1
003 DE-He213
005 20191021221442.0
007 cr nn 008mamaa
008 181107s2019 si | s |||| 0|eng d
020 |a 9789811318191  |9 978-981-13-1819-1 
024 7 |a 10.1007/978-981-13-1819-1  |2 doi 
040 |d GrThAP 
050 4 |a Q342 
072 7 |a UYQ  |2 bicssc 
072 7 |a TEC009000  |2 bisacsh 
072 7 |a UYQ  |2 thema 
082 0 4 |a 006.3  |2 23 
245 1 0 |a Applications of Artificial Intelligence Techniques in Engineering  |h [electronic resource] :  |b SIGMA 2018, Volume 1 /  |c edited by Hasmat Malik, Smriti Srivastava, Yog Raj Sood, Aamir Ahmad. 
250 |a 1st ed. 2019. 
264 1 |a Singapore :  |b Springer Singapore :  |b Imprint: Springer,  |c 2019. 
300 |a XVI, 643 p. 339 illus., 250 illus. in color.  |b online resource. 
336 |a text  |b txt  |2 rdacontent 
337 |a computer  |b c  |2 rdamedia 
338 |a online resource  |b cr  |2 rdacarrier 
347 |a text file  |b PDF  |2 rda 
490 1 |a Advances in Intelligent Systems and Computing,  |x 2194-5357 ;  |v 698 
505 0 |a Chapter 1: Annual Energy Savings with Multiple DG and D-STATCOM Allocation using PSO in DNO Operated Distribution Network -- Chapter 2: Optimized 2DOF PID for AGC of Multi Area Power System using Dragon-Fly -- Chapter 3:Wide Area Monitoring System using Integer Linear Programming -- Chapter 4: Fault Classification and Faulty Phase Selection Using Symmetrical Components of Reactive Power for EHV Transmission Line -- Chapter 5: Optimal Bidding Strategy in Deregulated Power Market Using Krill Herd Algorithm -- Chapter 6: A Novel Intelligent Bifurcation Classification Model Based on Artificial Neural Network (ANN) -- Chapter 7: Teaching Learning Based Optimization for Frequency Regulation in Two Area Thermal-Solar Hybrid Power System -- Chapter 8: An Approach to Minimize the Transmission Loss and Improves the Voltage Profile of Load Bus Using Interline Power Flow Controller (IPFC) -- Chapter 9: A Novel Intelligent Transmission Line Fault Diagnosis Model Based on EEMD And Multiclass PSVM. 
520 |a The book is a collection of high-quality, peer-reviewed innovative research papers from the International Conference on Signals, Machines and Automation (SIGMA 2018) held at Netaji Subhas Institute of Technology (NSIT), Delhi, India. The conference offered researchers from academic and industry the opportunity to present their original work and exchange ideas, information, techniques and applications in the field of computational intelligence, artificial intelligence and machine intelligence. The book is divided into two volumes discussing a wide variety of industrial, engineering and scientific applications of the emerging techniques. . 
650 0 |a Computational intelligence. 
650 0 |a Artificial intelligence. 
650 0 |a Power electronics. 
650 1 4 |a Computational Intelligence.  |0 http://scigraph.springernature.com/things/product-market-codes/T11014 
650 2 4 |a Artificial Intelligence.  |0 http://scigraph.springernature.com/things/product-market-codes/I21000 
650 2 4 |a Power Electronics, Electrical Machines and Networks.  |0 http://scigraph.springernature.com/things/product-market-codes/T24070 
700 1 |a Malik, Hasmat.  |e editor.  |4 edt  |4 http://id.loc.gov/vocabulary/relators/edt 
700 1 |a Srivastava, Smriti.  |e editor.  |4 edt  |4 http://id.loc.gov/vocabulary/relators/edt 
700 1 |a Sood, Yog Raj.  |e editor.  |4 edt  |4 http://id.loc.gov/vocabulary/relators/edt 
700 1 |a Ahmad, Aamir.  |e editor.  |4 edt  |4 http://id.loc.gov/vocabulary/relators/edt 
710 2 |a SpringerLink (Online service) 
773 0 |t Springer eBooks 
776 0 8 |i Printed edition:  |z 9789811318184 
776 0 8 |i Printed edition:  |z 9789811318207 
830 0 |a Advances in Intelligent Systems and Computing,  |x 2194-5357 ;  |v 698 
856 4 0 |u https://doi.org/10.1007/978-981-13-1819-1  |z Full Text via HEAL-Link 
912 |a ZDB-2-INR 
950 |a Intelligent Technologies and Robotics (Springer-42732)